| 000 | 00000nam##2200000za#4500 |
| 001 | 9.578764 |
| 003 | CaOODSP |
| 005 | 20210624190236 |
| 007 | cr ||||||||||| |
| 008 | 150406|2003||||xxc|||||o f|0| 0 eng|d |
| 022 | |a1919-5044 |
| 040 | |aCaOODSP|beng |
| 043 | |an-cn--- |
| 086 | 1 |aFs70-5/2003-002E-PDF |
| 110 | 1 |aCanada. |bDepartment of Fisheries and Oceans. |
| 245 | 10|aStatus of Atlantic salmon (Salmo salar L.) stocks of insular Newfoundland (SFAs 3-14A), 2002 / |h[electronic resource]|c[by] M.F. O'Connell, J.B. Dempson, C.C. Mullins, D.G. Reddin, C.E. Bourgeois, T.R. Porter, N.M. Cochrance and D. Caines. |
| 260 | |aOttawa - Ontario : |bFisheries and Oceans Canada |cc2003. |
| 300 | |a65p.|bcoloured figs., references, tables |
| 490 | 1 |aCanadian Science Advisory Secretariat research document|x1919-5044|v2003/002 |
| 546 | |aText in English, abstracts in both languages. |
| 590 | |a14-04-Supp|b2014-02-05 |
| 830 | #0|aResearch document (Canadian Science Advisory Secretariat)|x1919-5044|v2003/002|w(CaOODSP)9.507396 |
| 856 | 40|ahttp://publications.gc.ca|qPDF|s736 KB|uhttps://publications.gc.ca/collections/collection_2014/mpo-dfo/Fs70-5-2003-002-eng.pdf|y2003/002 |